IN SILICO TECHNOLOGIES IN TARGET IDENTIFICATION AND VALIDATION (Record no. 26985)
[ view plain ]
| 000 -LEADER | |
|---|---|
| fixed length control field | 00433nam a22001577a 4500 |
| 003 - CONTROL NUMBER IDENTIFIER | |
| control field | SGT |
| 020 ## - INTERNATIONAL STANDARD BOOK NUMBER | |
| International Standard Book Number | 9781138387515 |
| 082 ## - DEWEY DECIMAL CLASSIFICATION NUMBER | |
| Classification number | 615.19 |
| Item number | S22L |
| 100 ## - MAIN ENTRY--PERSONAL NAME | |
| Personal name | LEON, DARRYL,ed. |
| 245 ## - TITLE STATEMENT | |
| Title | IN SILICO TECHNOLOGIES IN TARGET IDENTIFICATION AND VALIDATION |
| 260 ## - PUBLICATION, DISTRIBUTION, ETC. (IMPRINT) | |
| Place of publication, distribution, etc | LONDON |
| Name of publisher, distributor, etc | TAYLOR & FRANCIS |
| Year of Publication | 2022 |
| 300 ## - PAGE DESCRIPTION | |
| No. of Pages | 490 |
| 650 ## - SUBJECT ADDED ENTRY--TOPICAL TERM | |
| Topical term or geographic name as entry element | PHARMACY |
| 653 ## - KEYWORDS--INDEX TERM | |
| Keyword term | SILICO, TECHNOLOGIES, TARGET, IDENTIFICATION, VALIDATION |
| 942 ## - ADDED ENTRY ELEMENTS (KOHA) | |
| Source of classification or shelving scheme | Dewey Decimal Classification |
| Koha item type | Books |
| Withdrawn status | Lost status | Source of classification or shelving scheme | Damaged status | Use restrictions | Not for loan | Collection code | Home library | Current library | Shelving location | Date acquired | Vendor Name | Cost, normal purchase price | SGTU | Bill Number | Full call number | Accession No. (Barcode) | Date last seen | Bill Date | Koha item type | Total Checkouts |
|---|---|---|---|---|---|---|---|---|---|---|---|---|---|---|---|---|---|---|---|---|
| Dewey Decimal Classification | Restricted Access | PHARMACY | SGT FA-FP Library | SGT FA-FP Library | Reference Book | 27/09/2024 | AHUJA PUB. | 3495.00 | SGTU | 19381 | 615.19 S22L | FP5051 | 27/09/2024 | 13/08/2024 | Books | |||||
| Dewey Decimal Classification | PHARMACY | SGT FA-FP Library | SGT FA-FP Library | Reference Book | 27/09/2024 | AHUJA PUB. | 3495.00 | SGTU | 19381 | 615.19 S22L | FP5052 | 27/09/2024 | 13/08/2024 | Books |